000 01592nkm a2200361 i 4500
001 3509
003 ES-MaACL
005 20250809231611.0
007 khrbo
008 051107s1985 sp --- g |001||spa d
100 0 _aAlfonso,
_d1902-1990
_919858
245 1 0 _aMedios de comunicación social [
_hFotografía] /
_cAlfonso (sello).
260 _a[S.l. :
_bs.n.],
_c1985.
300 _a6 fot. :
_bb. y n. ;
_c12 x 18 cm.
490 1 _aJornadas 1975-1985, diez años a debate
500 _aDatos basados en invitación.
511 0 _aIntervienen: José Prat, Miguel Ángel Aguilar, Pedro Altares, José Mario Armero, César Alonso de los Ríos, Vicente Verdú, José Antonio Gurriarán.
518 _aActo organizado por el Ateneo de Madrid y la Fundación F. Largo Caballero, celebrado en el salón de actos el lunes, 21 de octubre de 1985, a las 19:30 h.
600 1 4 _aPrat, José,
_d1905-1994
_993665
600 1 7 _aAguilar, Miguel Ángel,
_d1943-
_2
_9154981
600 1 4 _aAltares, Pedro.
_920521
600 1 4 _aArmero, José Mario.
_922964
600 1 4 _aAlonso de los Ríos, César.
_920289
600 1 4 _aVerdú, Vicente.
_9114049
600 1 4 _aGurriaran, José Antonio.
_961000
610 2 4 _aAteneo de Madrid-
_xActos culturales-
_y1985-
_vFotografías.
_91900
710 2 _aAteneo de Madrid.
_91875
710 2 _aFundación Largo Caballero.
_94355
830 0 0 _aJornadas 1975-1985, diez años a debate
_9176819
852 _aES-MaACL
_jFOT 73/1985
856 4 _uhttp://www.ateneodemadrid.net/biblioteca_digital/imagenes/1985/0073-1985.jpg
_zVer imagen
999 _c3509
_d3509